Human resource management gaining a competitive advantage/
Guardat en:
| Autor principal: | |
|---|---|
| Format: | Llibre |
| Idioma: | anglès |
| Publicat: |
McGraw-Hill Education
2017
|
| Etiquetes: |
Afegir etiqueta
Sense etiquetes, Sigues el primer a etiquetar aquest registre!
|
MARC
| LEADER | 00000nam a22000007a 4500 | ||
|---|---|---|---|
| 008 | 201222b ||||| |||| 00| 0 eng d | ||
| 020 | |a ISBN: 978-1-259-25506-9 | ||
| 100 | |a NOE, Raymond A | ||
| 245 | |a Human resource management |b gaining a competitive advantage/ |g xxiv, 734p. | ||
| 250 | |b 10th ed. | ||
| 260 | |b McGraw-Hill Education |c 2017 |h Penn Plaza | ||
| 942 | |a lcc |c BK |e Olagoke,M.A |f 22/12/2020 | ||
| 952 | |0 0 |1 0 |2 lcc |4 0 |6 HF55492 U5 N68 |7 0 |9 1165 |a HOL |b HOL |d 2020-12-22 |l 0 |o HF5549.2 .U5N68 |p 2020-230371 |r 2020-12-22 00:00:00 |w 2020-12-22 |y BK | ||
| 952 | |0 0 |1 0 |2 lcc |4 0 |6 HF55492 U5 N68 |7 0 |9 1166 |a HOL |b MPL |d 2020-12-22 |l 0 |o HF5549.2 .U5N68 |p 2020-230372 |r 2020-12-22 00:00:00 |w 2020-12-22 |y BK | ||
| 999 | |c 609 |d 609 | ||